000 00520nam a22001817a 4500
999 _c12541
_d12541
003 AR-CdUCM
008 190409b ||||| |||| 00| 0 d
040 _aMUNICIPALIDAD PROVINCIAL DEL CUSCO
_cBIBLIOTECA MUNICIPAL DEL CUSCO
082 _a869 /
_bV42 / 1961
245 _aCuadernos de Poesía /
260 _aCusco :
_c1961.
300 _a35 paginas ;
_c23 cm.
505 _aContenido :Poesía /
650 _aLiteratura peruana
_9169
650 _aPoesías
_92272
942 _2ddc
_cLIBROS
945 _arjall
_d2019-04-09